000
00301nam a2200145Ia 4500
100
_a
Valesky/Tom
942
_c
BK
654
_a
java beans
245
_a
Enterprise Java Beans
260
_b
Addison Wesley Pub
_c
1999
082
_a
005.133J
_b
VAL
300
_a
324
546
_a
ENGLISH
999
_c
24113
_d
24113